| 000 | 00415nam a22001697a 4500 | ||
|---|---|---|---|
| 005 | 20160622115132.0 | ||
| 008 | 160622b xxu||||| |||| 00| 0 eng d | ||
| 020 | _a81-259-0946-X | ||
| 041 | _aeng | ||
| 082 | _b9162 | ||
| 100 |
_aNeelamegham. S _91439 |
||
| 245 | _aMarketing In India | ||
| 260 |
_a New Delhi _bVikas Publishing House (P) Ltd. _c2009 |
||
| 300 | _a499 | ||
| 650 |
_aManagement _9241 |
||
| 942 | _cBK | ||
| 999 |
_c3535 _d3534 |
||